000 02618cam a22004574i 4500
003 PE-LiUPU
005 20250731173348.0
008 150706s2007 sp r 000 0 eng d
020 _a9780825439391
035 _a(Sirsi) i9780825439391
040 _aPE-LiUPU
_bspa
_cPE-LiUPU
_erda
049 _aPRUA
082 0 4 _a228
_bW57
_221
100 1 _aWilson, Mark,
_eautor.
245 1 0 _aCharts on the book of Revelation :
_bliterary, historical and theological perspectives /
_cMark Wilson.
264 1 _aGrand Rapids :
_bKregel,
_c2007.
300 _a134 páginas ;
_c28 centímetros
336 _atext
_2rdacontent
337 _aunmediated
_2rdamedia
338 _avolume
_2rdacarrier
505 0 _aAuthorship of Revelation -- Date of Revelation -- Roman Empire in the Late First Century A.D -- Time Line of the First-Century Church in Asia -- Jewish and Christian Apocalypses -- Literary Genres of Revelation -- Chapter and Verse Counts with Text Set as Poetry -- Words Occurring Only in Revelation (Hapax Legomena) -- Allusions and Verbal Parallels in the Old Testament and Extrabiblical Literature -- Structure of Revelation -- Identification of Christ with God in Revelation -- Divine Names in Revelation -- Names for Believers in Revelation -- Apocalyptic Themes in Revelation, The Synoptic Gospels, and Pauline Epistles -- Thematic Parallels Between Revelation and John -- Thematic Parallels Between Revelation and John -- Thematic Parallels Among Revelation, Jude, and 2 Peter -- Thematic Parallels Between Revelation and John -- Thematic Parallels Among Revelation, Jude, and 2 Peter -- Thematic Parallels Between Revelation and 4 Ezra -- Theme of Victory in Revelation -- Theories of Interpretation of Revelation -- Five Senses in Revelation.
526 _aSEG42
526 _aSEG41
526 _aSEG40
526 _aSEG39
526 _aP94
526 _aP87
526 _aP86
526 _aP85
526 _aP77
526 _aP76
526 _aP35
541 _g104-9871792-3978609;
630 _aBiblia.
_pN.T.
_pApocalipsis
_xGráficos, diagramas, etc.
910 _agl
_bjv
_clch
_d20100111
942 _2ddc
_cBOOK
949 _a228 W57
_wDEWEY
_c1
_i60915
_d2016-6-6
_e2016-5-31
_lCCODEBUL1
_mBUL
_n2
_p15.00
_r0
_sY
_tBOOK
_u2015-7-6
_xTEOLOGIA
_zUNKNOWN
_0COMPRA
_o.STAFF. Colección Teología
994 _aC0
_bPEPRU
596 _a1
999 _a228 W57
_wDEWEY
_c50273
_i60915
_d50273
_e2016-5-31
_f2021-11-9
_g5
_lCCODEBUL1
_mBUL
_n2
_p15.00
_q3
_r0
_sY
_tBOOK
_u2015-7-6
_xTEOLOGIA
_PP35
_0COMPRA
_o.STAFF. Colección Teología
980 _81
_gALBERTO SANCHEZ Responsable de Automatización